MARC details
| 000 -CABECERA |
| campo de control de longitud fija |
01118nam a2200301 a 4500 |
| 001 - NÚMERO DE CONTROL |
| campo de control |
000028298 |
| 003 - IDENTIFICADOR DEL NÚMERO DE CONTROL |
| campo de control |
DO-SdBNP |
| 005 - FECHA Y HORA DE LA ÚLTIMA TRANSACCIÓN |
| campo de control |
20240306092253.0 |
| 007 - CAMPO FIJO DE DESCRIPCIÓN FÍSICA--INFORMACIÓN GENERAL |
| campo de control de longitud fija |
ta |
| 008 - DATOS DE LONGITUD FIJA--INFORMACIÓN GENERAL |
| campo de control de longitud fija |
240306s1990 dr ac 000 0 spa d |
| 040 ## - FUENTE DE LA CATALOGACIÓN |
| Centro catalogador/agencia de origen |
DO-SdBNP |
| Lengua de catalogación |
spa |
| Centro/agencia transcriptor |
BNPHU |
| Normas de descripción |
rda |
| 082 ## - NÚMERO DE LA CLASIFICACIÓN DECIMAL DEWEY |
| Número de clasificación |
021.7 |
| Número de documento/Ítem |
F356 |
| Número de edición |
22 |
| 111 2# - ENTRADA PRINCIPAL--NOMBRE DE CONGRESO/REUNIÓN |
| Nombre de congreso/reunión o jurisdicción como elemento de entrada |
1ra Feria del Libro y La cultura Bani 90 |
| Número del congreso/reunión o número de parte o sección |
(1ª : |
| Fecha del congreso/reunión |
del 3 al 11 de marzo |
| Sede del congreso/Lugar de la reunión |
226 Aniversario de la Fundación de Bani , República Dominicana) |
| 9 (RLIN) |
55290 |
| 245 10 - MENCIÓN DE TÍTULO |
| Título |
1ra Feria del libro y la cultura Bani 90 : |
| Resto del título |
en honor a Héctor Colombino Perelló, Programa. |
| 246 13 - FORMA VARIANTE DE TÍTULO |
| Título propio/Titulo breve |
Primera Feria del libro y la cultura Bani 90 |
| 264 ## - PRODUCCIÓN, PUBLICACIÓN, DISTRIBUCIÓN, FABRICACIÓN Y COPYRIGHT |
| Producción, publicación, distribución, fabricación y copyright |
Bani, República Dominicana : |
| Nombre del de productor, editor, distribuidor, fabricante |
Asociación de Arte y Cultura de la Provincia Peravia, |
| Fecha de producción, publicación, distribución, fabricación o copyright |
1990 |
| 300 ## - DESCRIPCIÓN FÍSICA |
| Extensión |
10 paginas. ; |
| Dimensiones |
23 cm. |
| 336 ## - TIPO DE CONTENIDO |
| Fuente |
rdacontent |
| Término de tipo de contenido |
texto |
| Código de tipo de contenido |
txt |
| 337 ## - TIPO DE MEDIO |
| Fuente |
rdamedia |
| Nombre/término del tipo de medio |
sin mediación |
| Código del tipo de medio |
n |
| 338 ## - TIPO DE SOPORTE |
| Fuente |
rdacarrier |
| Nombre/término del tipo de soporte |
volumen |
| Código del tipo de soporte |
nc |
| 500 ## - NOTA GENERAL |
| Nota general |
En honor a : Héctor Colombo Perelló, en el 226 aniversario de la Fundación de Bani |
| 590 ## - NOTA LOCAL (RLIN) |
| Nota local |
Inventariado,2024/DG |
| 611 ## - PUNTO DE ACCESO ADICIONAL DE MATERIA--NOMBRE DE REUNIÓN/CONGRESO |
| 9 (RLIN) |
55291 |
| 650 ## - PUNTO DE ACCESO ADICIONAL DE MATERIA--TÉRMINO DE MATERIA |
| 9 (RLIN) |
55292 |
| 650 ## - PUNTO DE ACCESO ADICIONAL DE MATERIA--TÉRMINO DE MATERIA |
| 9 (RLIN) |
55293 |
| 910 ## - DATOS DE OPCIÓN DEL USUARIO (OCLC) |
| Datos de opción del usuario |
DG |
| 942 ## - ELEMENTOS DE PUNTO DE ACCESO ADICIONAL (KOHA) |
| Fuente del sistema de clasificación o colocación |
Dewey Decimal Classification |
| Tipo de ítem Koha |
Folleto |